تحميل...
Society and politics in India: essays in a comparative perspective
| المؤلف الرئيسي: | |
|---|---|
| التنسيق: | Printed Book |
| منشور في: |
London, Athlone
1991
|
| الموضوعات: |
| LEADER | 005310000a22001570004500 | ||
|---|---|---|---|
| 020 | |a 0-485-19563-1 | ||
| 082 | |a 306.0954 N1 | ||
| 100 | |a Beteille, Andre |f Author | ||
| 245 | |a Society and politics in India: essays in a comparative perspective | ||
| 260 | |a London, Athlone | ||
| 260 | |c 1991 | ||
| 650 | |a India-social conditions | ||
| 650 | |a Social conditions in India | ||
| 942 | |c BK | ||
| 999 | |c 140693 |d 140689 | ||
| 952 | |0 0 |1 0 |4 0 |6 306_095400000000000_N1 |7 0 |9 139476 |a SIRP |b SIRP |d 2017-10-05 |l 0 |o 306.0954 N1 |p SIRP04468 |r 2017-10-05 |w 2017-10-05 |y BK | ||